000 01429nam0a2200313 4500
001 RU\NLR\bibl\1317814
005 20260408200800.0
010 _a978-5-901599-80-8
_92300
021 _aRU
_b2008-92467
_95415
035 _a(NLR Aleph) 001303185
090 _a632383
_c632383
100 _a20090120d2009 |||y0rusy50 ca
101 0 _arus
102 _aRU
105 _ay |||||||||
200 1 _aАдаптация ребенка в группе и развитие общения на игровом занятии КРУГ
_fЦентр лечеб. педагогики (Москва)
_g[Зарубина Юлия Григорьевна и др.]
210 _aМосква
_cТеревинф
_d2009
215 _a56 с.
_d21
225 1 _aЛечебная педагогика
_eметодические разработки
606 _aДети с ограниченными возможностями здоровья
_jНаглядные пособия
_xВоспитание и обучение
_xИгровые методы
_92430291
_3RU\NLR\AUTH\661446600
686 1 _aЧ439.7я8
702 1 _aЗарубина
_bЮ. Г.
_gЮлия Григорьевна
_4220
712 0 2 _4570
_aЦентр лечебной педагогики
_cМосква
_9526545
_3RU\NLR\AUTH\8810014313
801 0 _aRU
_bNLR
_c20090120
_gRCR
801 1 _aRU
_bNLR
_c20090120
942 _cBOOK
980 _aNB